| LEADER |
00887nam0a2200217 450 |
| 001 |
16830838 |
| 010 |
|
|
|a 978-2-7459-7778-6
|b br.
|d 4,99
|
| 100 |
|
|
|a 20170118d2026 u u0frey01 ba
|
| 101 |
0 |
|
|a fre
|
| 102 |
|
|
|a FR
|
| 200 |
0 |
|
|a sac à malice (Le)
|e D'abord, on joue !
|f Isabelle Wlodarczyk, Carine Hinder
|
| 207 |
|
1 |
|a
|
| 210 |
|
|
|a Toulouse
|b 9 rue des Gestes.
|c Milan
|d DL 2017
|
| 215 |
|
|
|a 1 vol. (23 p.)
|c ill. en coul.
|d 19 cm
|
| 225 |
1 |
|
|a Milan poussin
|v 25
|
| 330 |
|
|
|a Un conte-randonnée qui met en scène des animaux. Des animaux trop curieux se trouvent piégés par plus rusé qu'eux. mais tout finit dans la bonne entente.
|
| 700 |
|
0 |
|a Wlodarczyk
|b Isabelle
|f 1974-....
|4 70
|
| 701 |
|
0 |
|a Hinder
|b Carine
|f 1980-....
|4 70
|
| 900 |
|
|
|a Roman enfant
|
| 901 |
|
|
|a Accessible au prêt
|
| 995 |
|
|
|a Bibliothèque
|c Bibliothèque
|f 024019204
|h 024019204
|k E C2 WLO
|o p
|q j
|r az
|e Bibliothèque
|